| 000 | 01624nam a22001577a 4500 | ||
|---|---|---|---|
| 999 |
_c521910 _d521910 |
||
| 008 | 230302b ||||| |||| 00| 0 eng d | ||
| 100 |
_aLacroix, Thomas _937841 |
||
| 245 | _aMigration-related city networks: a global overview | ||
| 260 | _aLocal Government Studies | ||
| 300 | _a48(6), Dec, 2022: p.1027-1047 | ||
| 520 | _aIn recent years, one observes a surge in the number of city networks formed to address the welcoming and integration of immigrant populations. Drawing on a database of over sixty networks, the paper provides a global overview of their different types, scales and activities. Exploring the underlying factors explaining this worldwide expansion, it highlights two sets of congruent dynamics. This phenomenon has been elicited by the longue durée devolution to local authorities of powers and responsibilities pertaining to the management of immigrant populations on the one hand and the recent events of the 2015–2016 ‘migration crisis’ on the other. It is also the outcome of the top-down influence of international organisations (including the European Union) and the bottom-up mobilisations of municipalities facing the growing contradictions between their welcoming responsibilities and security-oriented migration management. In the concluding section, the paper points to the challenges faced by international actors for the building of a ‘glocal’ migration governance. – Reproduced | ||
| 650 |
_aCity network, International migration, Migration governance, Migration policies, Integration. _936291 |
||
| 773 | _aLocal Government Studies | ||
| 906 | _aMIGRATION | ||
| 942 | _cAR | ||